000 00434nam a2200145Ia 4500
008 220204s9999 xx 000 0 und d
082 _aNR:62
_bGOE
100 _aGoel, R K
245 0 _aRubber technology and manufacture: Small scale rubber industries(technology of rubber and rubber processing chemicals)
260 _aDelhi
_bSBP
650 _aCompounding
650 _aRubber industry
650 _aRubber products
942 _cBK
999 _c22664
_d22664